[Event " B7 Gruppe 1 "]
[Site "Koge"]
[Date "2004.??.??"]
[Round "3"]
[White "Sonderby, Anders"]
[Black "Petersen, Nils"]
[Result "1-0"]
[WhiteElo "1758"]
[BlackElo "1864"]
[PlyCount "121"]
[EventDate "2004.04.08"]
[EventType "swiss"]
[EventRounds "7"]
[EventCountry "DEN"]

1. d4 Nf6 2. Nf3 e6 3. c4 b6 4. g3 Bb7 5. Bg2 Be7 6. O-O O-O 7. Nc3 Ne4 8. Qc2
Nxc3 9. Qxc3 c5 10. Rd1 d6 11. Rb1 Be4 12. Nd2 Bxg2 13. Kxg2 cxd4 14. Qxd4 Nc6
15. Qd3 Qc7 16. Nf3 h6 17. e4 Rfd8 18. b3 Nb4 19. Qe2 d5 20. exd5 exd5 21. a3
Na6 22. Rxd5 Nc5 23. Bf4 Qb7 24. b4 Ne6 25. Rxd8+ Rxd8 26. Be3 Bg5 27. h4 Bxe3
28. Qxe3 Rd4 29. Rc1 Re4 30. Qc3 Nd4 31. Rd1 Nxf3 32. Rd8+ Kh7 33. Qxf3 Re7 34.
Qxb7 Rxb7 35. Rc8 Kg6 36. Kf3 Kf5 37. g4+ Ke5 38. Ke3 Re7 39. Rc6 g5 40. Rxh6
f6 41. hxg5 fxg5 42. Rg6 Re8 43. a4 Re7 44. f3 Re8 45. b5 Re7 46. a5 bxa5 47.
Ra6 a4 48. Rxa4 Rc7 49. Ra5 Kf6 50. Kd4 Rd7+ 51. Ke4 Re7+ 52. Kd5 Re5+ 53. Kd4
Re7 54. Ra6+ Kf7 55. Kd5 Rc7 56. c5 Rb7 57. b6 axb6 58. cxb6 Rd7+ 59. Kc6 Rd3
60. b7 Rc3+ 61. Kb6 1-0

[Event " B7 Gruppe 1 "]
[Site "Koge"]
[Date "2004.??.??"]
[Round "3"]
[White "Hansen, Per"]
[Black "Bojsen, Bent"]
[Result "1-0"]
[WhiteElo "1895"]
[BlackElo "1644"]
[PlyCount "85"]
[EventDate "2004.04.08"]
[EventType "swiss"]
[EventRounds "7"]
[EventCountry "DEN"]

1. Nf3 c5 2. g3 d5 3. Bg2 Nc6 4. O-O e5 5. d3 Be7 6. Nbd2 Bg4 7. e4 d4 8. h3
Bh5 9. a4 Nf6 10. Nc4 Nd7 11. Qe1 O-O 12. Nh2 Nb4 13. Qd2 f6 14. h4 Nb6 15. Na5
Qd7 16. b3 Rad8 17. f3 g5 18. hxg5 fxg5 19. Rf2 Rf7 20. Qe2 Rdf8 21. Ba3 g4 22.
Bc1 gxf3 23. Bxf3 Nxc2 24. Rb1 Nb4 25. Bh6 Bxf3 26. Nxf3 Rxf3 27. Rxf3 Rxf3 28.
Qxf3 Qe6 29. Rf1 Nd7 30. Bd2 b6 31. Nc4 Nc6 32. Qh5 Bf8 33. Rf5 a6 34. Qg4+ Bg7
35. Bg5 b5 36. axb5 axb5 37. Nb6 Ncb8 38. Nd5 Kh8 39. Qf3 Kg8 40. Qg4 Nc6 41.
Nf6+ Kf8 42. Nxd7+ Ke8 43. Rxe5 1-0

[Event " B7 Gruppe 1 "]
[Site "Koge"]
[Date "2004.??.??"]
[Round "3"]
[White "Moller, Arne Vagn"]
[Black "Asmund, Erik"]
[Result "1-0"]
[WhiteElo "1698"]
[BlackElo "1563"]
[PlyCount "87"]
[EventDate "2004.04.08"]
[EventType "swiss"]
[EventRounds "7"]
[EventCountry "DEN"]

1. e4 c5 2. Nf3 Nc6 3. d4 cxd4 4. Nxd4 g6 5. Nc3 Bg7 6. Be3 e6 7. Be2 Nge7 8.
Qd2 O-O 9. O-O-O d5 10. exd5 exd5 11. Nb3 Be6 12. Bf3 Nb4 13. a3 Bxc3 14. bxc3
Nbc6 15. g4 Ne5 16. Qe2 Qc7 17. Bf4 Nd3+ 18. Rxd3 Qxf4+ 19. Kb2 Qc4 20. Nd4 Qa6
21. Re1 Rfe8 22. Re3 Qxe2 23. R1xe2 Rad8 24. Nxe6 fxe6 25. Rxe6 Kf7 26. g5 b6
27. Bg4 d4 28. Rf6+ Kg7 29. cxd4 Rxd4 30. f4 Rdd8 31. Rfe6 Kf7 32. c4 Ng8 33.
Kc3 Rxe6 34. Bxe6+ Kf8 35. Bxg8 Kxg8 36. Re7 Rf8 37. Rxa7 Rxf4 38. Rb7 Rf3+ 39.
Kb4 Rf2 40. Rxb6 Rxh2 41. c5 Rh5 42. c6 Rxg5 43. c7 Rg4+ 44. Kc5 1-0

[Event " B7 Gruppe 1 "]
[Site "Koge"]
[Date "2004.??.??"]
[Round "3"]
[White "Nielsen, Ib"]
[Black "Andersen, Martin Steen"]
[Result "0-1"]
[WhiteElo "1550"]
[BlackElo "1606"]
[PlyCount "60"]
[EventDate "2004.04.08"]
[EventType "swiss"]
[EventRounds "7"]
[EventCountry "DEN"]

1. e4 e6 2. Nf3 d5 3. e5 c5 4. Nc3 a6 5. a4 Nc6 6. Be2 Nge7 7. O-O Ng6 8. b3
Ngxe5 9. Bb2 Bd6 10. d4 Nxf3+ 11. Bxf3 Nxd4 12. Re1 O-O 13. Qd3 Qf6 14. Bd1 Qg6
15. Qd2 Bd7 16. Ne2 e5 17. Ng3 Rac8 18. c3 Nf5 19. Qxd5 Bc6 20. Qd3 Nh4 21. Qd2
Bxg2 22. Re3 Rcd8 23. Bc2 e4 24. Bd1 Bxg3 25. Qxd8 Bxh2+ 26. Kxh2 Rxd8 27. Rg3
Qd6 28. c4 Nf5 29. Kxg2 Nxg3 30. fxg3 Qd2+ 0-1

[Event " B7 Gruppe 1 "]
[Site "Koge"]
[Date "2004.??.??"]
[Round "3"]
[White "Korsholm, Asbjorn"]
[Black "Wiecker, Stefan"]
[Result "1/2-1/2"]
[WhiteElo "1556"]
[BlackElo "1560"]
[PlyCount "61"]
[EventDate "2004.04.08"]
[EventType "swiss"]
[EventRounds "7"]
[EventCountry "DEN"]

1. e4 c6 2. Nf3 d5 3. Nc3 Bg4 4. h3 Bh5 5. g4 Bg6 6. exd5 cxd5 7. Bb5+ Nc6 8.
Ne5 Qd6 9. Nxg6 hxg6 10. Qf3 Qe5+ 11. Qe2 Qxe2+ 12. Bxe2 e6 13. d3 Bd6 14. Nb5
Be5 15. f4 Bb8 16. Be3 a6 17. Na3 Nge7 18. O-O-O Kd7 19. d4 b5 20. Nb1 Na5 21.
Nd2 Nc4 22. Nxc4 bxc4 23. c3 Bd6 24. Kc2 a5 25. a4 Rab8 26. Rb1 Rb3 27. Bd1
Rhb8 28. Kc1 R3b7 29. Bc2 Rxb2 30. Rxb2 Ba3 31. Kd2 1/2-1/2

[Event " B7 Gruppe 1 "]
[Site "Koge"]
[Date "2004.??.??"]
[Round "3"]
[White "Pedersen, Jan 1"]
[Black "Pedersen, Lars Wisler"]
[Result "1-0"]
[WhiteElo "1701"]
[BlackElo "1669"]
[PlyCount "69"]
[EventDate "2004.04.08"]
[EventType "swiss"]
[EventRounds "7"]
[EventCountry "DEN"]

1. e4 c5 2. Nf3 Nc6 3. d4 cxd4 4. Nxd4 e5 5. Nb5 a6 6. Nd6+ Bxd6 7. Qxd6 Qf6 8.
Qc7 Qg6 9. Nc3 Nge7 10. Be3 O-O 11. O-O-O b5 12. Rd6 f6 13. f4 Qe8 14. Rd2 Qd8
15. Qd6 Qa5 16. Kb1 exf4 17. Bxf4 Qb4 18. Be2 Ng6 19. Qxb4 Nxb4 20. Bd6 Nc6 21.
Bxf8 Kxf8 22. Rhd1 Nce5 23. a4 b4 24. Nd5 Bb7 25. Nb6 Rd8 26. Nxd7+ Nxd7 27.
Rxd7 Rxd7 28. Rxd7 Bxe4 29. Rd4 Bxg2 30. Rxb4 f5 31. Bxa6 f4 32. a5 h5 33. Bd3
f3 34. Bxg6 f2 35. Rf4+ 1-0

[Event " B7 Gruppe 1 "]
[Site "Koge"]
[Date "2004.??.??"]
[Round "3"]
[White "Simonsen, Per"]
[Black "Jessen, Ernst J"]
[Result "1-0"]
[WhiteElo "1734"]
[BlackElo "1566"]
[PlyCount "69"]
[EventDate "2004.04.08"]
[EventType "swiss"]
[EventRounds "7"]
[EventCountry "DEN"]

1. d4 e6 2. c4 d5 3. Nc3 Nf6 4. Bg5 Be7 5. e3 h6 6. Bh4 b6 7. cxd5 Nxd5 8. Bxe7
Nxe7 9. Qf3 c6 10. Bc4 Ba6 11. Bb3 Nd7 12. Nge2 Bd3 13. Rd1 Bg6 14. Nf4 O-O 15.
Nxg6 Nxg6 16. Qxc6 Ne7 17. Qf3 Nf6 18. O-O Ned5 19. e4 Nxc3 20. bxc3 Rc8 21. c4
Qe7 22. e5 Nd7 23. Rfe1 Kh8 24. Qd3 Qg5 25. Re3 Rcd8 26. Qe4 Nb8 27. Rg3 Qe7
28. Bc2 g6 29. h4 h5 30. Rg5 f5 31. exf6 Rxf6 32. Rxg6 Rdf8 33. Qe5 Nd7 34.
Qxh5+ Qh7 35. Rg8+ 1-0

[Event " B7 Gruppe 1 "]
[Site "Koge"]
[Date "2004.??.??"]
[Round "3"]
[White "Risager, Jakob Koba"]
[Black "Sandbech, Ted"]
[Result "1/2-1/2"]
[WhiteElo "1698"]
[BlackElo "1620"]
[PlyCount "43"]
[EventDate "2004.04.08"]
[EventType "swiss"]
[EventRounds "7"]
[EventCountry "DEN"]

1. e4 d5 2. exd5 Qxd5 3. Nc3 Qa5 4. d4 c6 5. Bc4 Nf6 6. Bd2 Qc7 7. Nf3 Bf5 8.
Ne5 e6 9. g4 Bg6 10. Qe2 Nbd7 11. h4 Bb4 12. f3 Nxe5 13. dxe5 Nd7 14. h5 Bxc2
15. Rc1 Bxc3 16. Bxc3 Ba4 17. b3 Bb5 18. Bxb5 cxb5 19. Qxb5 O-O 20. O-O Qb6+
21. Qxb6 Nxb6 22. Bb4 1/2-1/2

[Event " B7 Gruppe 1 "]
[Site "Koge"]
[Date "2004.??.??"]
[Round "3"]
[White "Haagen Larsen, Hans"]
[Black "Larsen, Peder Lehmann"]
[Result "0-1"]
[WhiteElo "1601"]
[BlackElo "1880"]
[PlyCount "52"]
[EventDate "2004.04.08"]
[EventType "swiss"]
[EventRounds "7"]
[EventCountry "DEN"]

1. d4 d5 2. Bf4 c5 3. e3 Nc6 4. c3 cxd4 5. exd4 Nf6 6. Nf3 g6 7. Nbd2 Bg7 8.
Be2 O-O 9. O-O Nh5 10. Be3 Qc7 11. Nh4 Nf4 12. Bxf4 Qxf4 13. g3 Qd6 14. f4 Bh3
15. Rf2 Nxd4 16. Bg4 Bxg4 17. Qxg4 Nc2 18. Rc1 Ne3 19. Qe2 d4 20. Ne4 Qb6 21.
Nf3 dxc3 22. Ne5 Bxe5 23. fxe5 c2 24. Rf3 Nf5+ 25. Qf2 Nd4 26. Rc3 Ne2+ 0-1

[Event " B7 Gruppe 1 "]
[Site "Koge"]
[Date "2004.??.??"]
[Round "3"]
[White "Kaarsberg, Allan"]
[Black "Sig, Preben"]
[Result "1/2-1/2"]
[WhiteElo "1739"]
[BlackElo "1753"]
[PlyCount "54"]
[EventDate "2004.04.08"]
[EventType "swiss"]
[EventRounds "7"]
[EventCountry "DEN"]

1. Nf3 Nf6 2. d4 d5 3. c4 c6 4. Nc3 dxc4 5. e4 e6 6. Bxc4 Nbd7 7. a3 Nb6 8. Ba2
Be7 9. O-O O-O 10. Qc2 c5 11. e5 Ne8 12. Bb1 g6 13. Bh6 Ng7 14. dxc5 Bxc5 15.
Ne4 Be7 16. Rd1 Nd5 17. Ba2 b6 18. Qc6 Bd7 19. Qb7 Qc8 20. Bxd5 exd5 21. Qxd5
Be6 22. Qd3 Rd8 23. Qe3 Rxd1+ 24. Rxd1 Qc2 25. Rd2 Qb1+ 26. Ne1 Nf5 27. Nc3
Nxe3 1/2-1/2

[Event " B7 Gruppe 1 "]
[Site "Koge"]
[Date "2004.??.??"]
[Round "4"]
[White "Hansen, Per"]
[Black "Simonsen, Per"]
[Result "1/2-1/2"]
[WhiteElo "1895"]
[BlackElo "1734"]
[PlyCount "115"]
[EventDate "2004.04.08"]
[EventType "swiss"]
[EventRounds "7"]
[EventCountry "DEN"]

1. Nf3 d5 2. g3 c5 3. Bg2 Nc6 4. O-O e5 5. d3 Be7 6. Nbd2 Be6 7. e4 d4 8. Nc4
f6 9. a4 g5 10. Ne1 h5 11. f4 gxf4 12. gxf4 Nh6 13. Nf3 Nf7 14. Nh4 Kd7 15. Kh1
Qg8 16. f5 Bxc4 17. dxc4 Qh7 18. Rg1 Rhg8 19. Ng6 Nh8 20. Bh3 Kd6 21. c3 Nxg6
22. fxg6 Rxg6 23. Rxg6 Qxg6 24. Bf5 Qf7 25. b4 Qxc4 26. bxc5+ Kc7 27. Bb2 Rh8
28. cxd4 Nxd4 29. Rc1 Qe2 30. Bxd4 Qxd1+ 31. Rxd1 Rd8 32. Bxe5+ fxe5 33. Rxd8
Kxd8 34. Kg2 Bxc5 35. Bg6 h4 36. Kh3 Be7 37. Kg4 Kd7 38. Kf5 Kd6 39. Bf7 a6 40.
Bd5 b5 41. axb5 axb5 42. h3 Bd8 43. Bb3 Ba5 44. Bd5 Be1 45. Kg4 Kc5 46. Kf3 Kd4
47. Ke2 Ba5 48. Kd1 Kc3 49. Kc1 b4 50. Kb1 b3 51. Be6 Bb6 52. Bd5 Bd4 53. Kc1
Kd3 54. Kb1 b2 55. Bc6 Ke3 56. Kc2 Kf4 57. Bd5 Kg3 58. Be6 1/2-1/2

[Event " B7 Gruppe 1 "]
[Site "Koge"]
[Date "2004.??.??"]
[Round "4"]
[White "Rosenberg, Jan"]
[Black "Moller, Arne Vagn"]
[Result "0-1"]
[WhiteElo "1792"]
[BlackElo "1698"]
[PlyCount "72"]
[EventDate "2004.04.08"]
[EventType "swiss"]
[EventRounds "7"]
[EventCountry "DEN"]

1. d4 Nf6 2. Nf3 b6 3. c4 e6 4. a3 Bb7 5. Nc3 d6 6. d5 e5 7. e4 Nbd7 8. Qc2 Be7
9. h3 O-O 10. Be3 a6 11. Be2 Rc8 12. O-O Re8 13. Rfd1 Nf8 14. b4 N6d7 15. Rab1
Rb8 16. Qd2 Ng6 17. Ne1 Rf8 18. Nd3 Nf6 19. f3 Ne8 20. c5 f5 21. exf5 Rxf5 22.
g4 Rf7 23. c6 Bc8 24. Ne4 Nf6 25. Ndf2 Rf8 26. Rb3 Kh8 27. Ng5 Nxd5 28. Qxd5
Bxg5 29. Bxg5 Qxg5 30. Rc3 Qh4 31. Bf1 Qg3+ 32. Kh1 Qxf2 33. Qe4 Nh4 34. Rc2
Qxf3+ 35. Qxf3 Nxf3 36. Rf2 Be6 0-1

[Event " B7 Gruppe 1 "]
[Site "Koge"]
[Date "2004.??.??"]
[Round "4"]
[White "Bojsen, Bent"]
[Black "Nielsen, Ib"]
[Result "1-0"]
[WhiteElo "1644"]
[BlackElo "1550"]
[PlyCount "65"]
[EventDate "2004.04.08"]
[EventType "swiss"]
[EventRounds "7"]
[EventCountry "DEN"]

1. e4 e5 2. Nc3 Nc6 3. f4 exf4 4. Nf3 d6 5. d4 Nge7 6. Bxf4 Ng6 7. Be3 Be7 8.
Bc4 O-O 9. O-O Na5 10. Be2 a6 11. Qd2 b5 12. Nd5 Nc6 13. c4 bxc4 14. Bxc4 Be6
15. Rac1 Bd7 16. Rc2 Ra7 17. Nxe7+ Ncxe7 18. Ng5 Be8 19. Qf2 d5 20. exd5 Nxd5
21. Bd2 c6 22. h4 Re7 23. Bxd5 Qxd5 24. Bb4 h6 25. Bxe7 Nxe7 26. Nh3 Bd7 27.
Nf4 Qxa2 28. Rc5 Qa4 29. Nd3 Qb3 30. Ne5 Be6 31. Nxc6 Nd5 32. Qf3 Re8 33. Qxb3
1-0

[Event " B7 Gruppe 1 "]
[Site "Koge"]
[Date "2004.??.??"]
[Round "4"]
[White "Pedersen, Jan 1"]
[Black "Sandbech, Ted"]
[Result "0-1"]
[WhiteElo "1701"]
[BlackElo "1620"]
[PlyCount "66"]
[EventDate "2004.04.08"]
[EventType "swiss"]
[EventRounds "7"]
[EventCountry "DEN"]

1. e4 d5 2. exd5 Qxd5 3. Nc3 Qa5 4. d4 c6 5. Bc4 Nf6 6. Bd2 Qc7 7. Nge2 Bg4 8.
f3 Bh5 9. Bf4 Qd8 10. d5 Nbd7 11. g4 Bg6 12. h4 h6 13. dxc6 bxc6 14. Nd4 Qb6
15. Nb3 e5 16. Qe2 Bd6 17. O-O-O Qc7 18. Ne4 Nxe4 19. fxe4 exf4 20. Rhe1 Ne5
21. Ba6 O-O 22. g5 h5 23. Kb1 Rfd8 24. a3 Be7 25. Nd4 Bc5 26. c3 Qb6 27. Nf5 f3
28. Qf1 Bxa3 29. b4 Bxb4 30. cxb4 Qxb4+ 31. Kc2 Qc5+ 32. Kb3 Rab8+ 33. Ka4 Qb4#
0-1

[Event " B7 Gruppe 1 "]
[Site "Koge"]
[Date "2004.??.??"]
[Round "4"]
[White "Asmund, Erik"]
[Black "Andersen, Martin Steen"]
[Result "1/2-1/2"]
[WhiteElo "1563"]
[BlackElo "1606"]
[PlyCount "54"]
[EventDate "2004.04.08"]
[EventType "swiss"]
[EventRounds "7"]
[EventCountry "DEN"]

1. e4 e6 2. d4 d5 3. e5 c5 4. Bb5+ Bd7 5. Bxd7+ Qxd7 6. c3 Nc6 7. Nf3 Nge7 8.
O-O Nf5 9. g4 Nh6 10. h3 Be7 11. Be3 cxd4 12. cxd4 f6 13. exf6 Bxf6 14. g5 Nf7
15. gxf6 gxf6 16. Kh1 e5 17. dxe5 fxe5 18. Rg1 O-O-O 19. Rg3 Rhg8 20. Qg1 Ne7
21. Na3 d4 22. Bd2 Rxg3 23. Qxg3 Rg8 24. Rc1+ Kb8 25. Nxe5 Qd5+ 26. Qf3 Nxe5
27. Qxd5 Nxd5 1/2-1/2

[Event " B7 Gruppe 1 "]
[Site "Koge"]
[Date "2004.??.??"]
[Round "4"]
[White "Pedersen, Lars Wisler"]
[Black "Risager, Jakob Koba"]
[Result "0-1"]
[WhiteElo "1669"]
[BlackElo "1698"]
[PlyCount "52"]
[EventDate "2004.04.08"]
[EventType "swiss"]
[EventRounds "7"]
[EventCountry "DEN"]

1. e4 e5 2. Nf3 Nc6 3. d4 exd4 4. Nxd4 Bc5 5. Be3 Qe7 6. Nxc6 dxc6 7. Bxc5 Qxc5
8. c3 Be6 9. Be2 Nf6 10. Nd2 O-O-O 11. Qc2 Rhe8 12. Nb3 Bxb3 13. axb3 Nxe4 14.
Bg4+ f5 15. b4 Ng3+ 16. Be2 Nxe2 17. Kf1 Qc4 18. b3 Nd4+ 19. bxc4 Nxc2 20. Rc1
Rd2 21. g3 Ree2 22. Kg2 Rxf2+ 23. Kh3 Ne3 24. Rce1 Ng4 25. Kh4 Nxh2 26. Re7
Nf3+ 0-1

[Event " B7 Gruppe 1 "]
[Site "Koge"]
[Date "2004.??.??"]
[Round "4"]
[White "Wiecker, Stefan"]
[Black "Kaarsberg, Allan"]
[Result "1/2-1/2"]
[WhiteElo "1560"]
[BlackElo "1739"]
[PlyCount "39"]
[EventDate "2004.04.08"]
[EventType "swiss"]
[EventRounds "7"]
[EventCountry "DEN"]

1. e4 e5 2. Nf3 Nc6 3. d4 exd4 4. Nxd4 Ne5 5. Nc3 d6 6. Be2 Be7 7. O-O Bd7 8.
Nd5 Nf6 9. Nxe7 Qxe7 10. Re1 O-O 11. f4 Nc6 12. Bf3 Rad8 13. b3 Rfe8 14. Ba3
Nxd4 15. Qxd4 c5 16. Qe3 Ng4 17. Qc3 Qh4 18. h3 Nf2 19. Bb2 Qg3 20. Bg4 1/2-1/2

[Event " B7 Gruppe 1 "]
[Site "Koge"]
[Date "2004.??.??"]
[Round "4"]
[White "Sig, Preben"]
[Black "Korsholm, Asbjorn"]
[Result "1-0"]
[WhiteElo "1753"]
[BlackElo "1556"]
[PlyCount "43"]
[EventDate "2004.04.08"]
[EventType "swiss"]
[EventRounds "7"]
[EventCountry "DEN"]

1. e4 e5 2. f4 exf4 3. Nf3 h6 4. Bc4 d6 5. h4 Nd7 6. d4 Ngf6 7. Nc3 Be7 8. Bxf4
Nb6 9. Bb3 Nh5 10. Qd2 Nxf4 11. Qxf4 Be6 12. d5 Bd7 13. O-O-O Rf8 14. e5 g5 15.
Qe4 g4 16. Nd4 dxe5 17. Qxe5 a5 18. a4 Nc8 19. Ne4 f5 20. Nc5 Nd6 21. Rhe1 Nf7
22. Qg7 1-0

[Event " B7 Gruppe 1 "]
[Site "Koge"]
[Date "2004.??.??"]
[Round "4"]
[White "Petersen, Nils"]
[Black "Haagen Larsen, Hans"]
[Result "1-0"]
[WhiteElo "1864"]
[BlackElo "1601"]
[PlyCount "67"]
[EventDate "2004.04.08"]
[EventType "swiss"]
[EventRounds "7"]
[EventCountry "DEN"]

1. c4 d6 2. d4 g6 3. g3 Bg7 4. Bg2 Nc6 5. Nf3 e5 6. dxe5 dxe5 7. Qxd8+ Nxd8 8.
Nc3 c6 9. e4 Ne6 10. Be3 Bd7 11. O-O-O b5 12. cxb5 cxb5 13. Kb1 Ne7 14. Rxd7
Kxd7 15. Nxb5 Nc6 16. Rd1+ Ke7 17. Nc3 Rhd8 18. Nd5+ Kf8 19. Ng5 Nxg5 20. Bxg5
Rdc8 21. Bh3 h6 22. Bxc8 Rxc8 23. Be3 f6 24. Rc1 Ke8 25. Nb4 Kd7 26. Nxc6 Rxc6
27. Rxc6 Kxc6 28. Bxa7 Kb5 29. Kc2 h5 30. Be3 Bf8 31. Kb3 Bd6 32. a4+ Ka5 33.
Bd2+ Kb6 34. Bb4 1-0

[Event " B7 Gruppe 1 "]
[Site "Koge"]
[Date "2004.??.??"]
[Round "5"]
[White "Petersen, Nils"]
[Black "Larsen, Peder Lehmann"]
[Result "1/2-1/2"]
[WhiteElo "1864"]
[BlackElo "1880"]
[PlyCount "119"]
[EventDate "2004.04.08"]
[EventType "swiss"]
[EventRounds "7"]
[EventCountry "DEN"]

1. c4 g6 2. d4 d6 3. Nf3 Bg7 4. e4 c5 5. Be2 cxd4 6. Nxd4 Nf6 7. Nc3 O-O 8. O-O
Nc6 9. Be3 Bd7 10. Qd2 Nxd4 11. Bxd4 Bc6 12. f3 a6 13. Nd5 Nd7 14. Bxg7 Kxg7
15. b4 b5 16. Rfc1 Bxd5 17. Qd4+ e5 18. Qxd5 Nb6 19. Qd2 bxc4 20. Bxc4 f5 21.
Bb3 fxe4 22. fxe4 Rf4 23. Rf1 Rxf1+ 24. Rxf1 Ra7 25. Rd1 d5 26. exd5 Qd6 27. a3
Rc7 28. Qd3 Nc8 29. Qe3 Ne7 30. Re1 Nxd5 31. Qxe5+ Qxe5 32. Rxe5 Rc1+ 33. Kf2
Nf4 34. Re7+ Kh6 35. Bg8 Rc2+ 36. Kf3 Nxg2 37. Kg4 g5 38. Rxh7+ Kg6 39. Ra7 Rc6
40. Bh7+ Kf6 41. Bd3 Ne3+ 42. Kf3 Re6 43. Rxa6 g4+ 44. Ke2 Rxa6 45. Bxa6 Nc2
46. Kd2 Nd4 47. Bc8 Nf3+ 48. Ke3 Nxh2 49. a4 Ke5 50. a5 Nf1+ 51. Ke2 Ng3+ 52.
Kd3 Ne4 53. a6 g3 54. Bh3 Nf2+ 55. Ke3 Nxh3 56. Kf3 Ng5+ 57. Kg2 Ne6 58. Kxg3
Nc7 59. a7 Na8 60. Kf3 1/2-1/2

[Event " B7 Gruppe 1 "]
[Site "Koge"]
[Date "2004.??.??"]
[Round "5"]
[White "Andersen, Martin Steen"]
[Black "Korsholm, Asbjorn"]
[Result "0-1"]
[WhiteElo "1606"]
[BlackElo "1556"]
[PlyCount "118"]
[EventDate "2004.04.08"]
[EventType "swiss"]
[EventRounds "7"]
[EventCountry "DEN"]

1. e4 e5 2. Nf3 Nc6 3. Bc4 Nf6 4. Ng5 d5 5. exd5 Na5 6. Bb5+ c6 7. dxc6 bxc6 8.
Be2 h6 9. Nf3 e4 10. Ne5 Bc5 11. c3 Qe7 12. d4 exd3 13. Nxd3 Bd6 14. g3 O-O 15.
O-O Bf5 16. Nd2 Rad8 17. b4 Nb7 18. Nc4 Ne4 19. Nxd6 Qxd6 20. Bf4 Qd7 21. Qc1
Nxg3 22. fxg3 Bxd3 23. Rd1 Qf5 24. Bxd3 Rxd3 25. Rxd3 Qxd3 26. Qe3 Qxe3+ 27.
Bxe3 a6 28. Rd1 Rd8 29. Bd4 g6 30. Kf2 c5 31. bxc5 Nxc5 32. Kf3 Ne6 33. Ke4
Nxd4 34. cxd4 Kf8 35. Kd3 Rd5 36. Rb1 Ke7 37. Kc4 Ke6 38. a4 f5 39. Re1+ Kd6
40. Re8 Ra5 41. Kb4 Rd5 42. Rd8+ Ke6 43. Re8+ Kf7 44. Kc4 Rxd4+ 45. Kxd4 Kxe8
46. Ke5 Kf7 47. a5 Ke7 48. h3 Kf7 49. h4 h5 50. Kf4 Kf6 51. Kf3 g5 52. Ke3 gxh4
53. gxh4 Ke5 54. Kf3 f4 55. Kf2 Ke4 56. Ke2 f3+ 57. Kf1 Kf4 58. Kf2 Kg4 59. Ke3
Kg3 0-1

[Event " B7 Gruppe 1 "]
[Site "Koge"]
[Date "2004.??.??"]
[Round "5"]
[White "Asmund, Erik"]
[Black "Rosenberg, Jan"]
[Result "0-1"]
[WhiteElo "1563"]
[BlackElo "1792"]
[PlyCount "74"]
[EventDate "2004.04.08"]
[EventType "swiss"]
[EventRounds "7"]
[EventCountry "DEN"]

1. b4 e5 2. a3 a5 3. b5 d5 4. Bb2 Bd6 5. e3 Be6 6. Qc1 Qe7 7. c4 f6 8. d3 d4 9.
exd4 exd4 10. Be2 c5 11. h3 Bf5 12. Qc2 Nd7 13. Nf3 Nh6 14. Nbd2 O-O 15. Nh4
Rfe8 16. Ndf3 Be6 17. Ng1 g5 18. Nhf3 g4 19. Nh4 g3 20. f3 f5 21. Nxf5 Nxf5 22.
Bc1 Bf7 23. Bd2 Ne3 24. Bxe3 Qxe3 25. Qd2 Qxd2+ 26. Kxd2 Bf4+ 27. Kc2 Bg6 28.
Rd1 Be3 29. Bf1 a4 30. Ne2 Bf2 31. Nf4 Ne5 32. h4 Nxc4 33. Nd5 Ne3+ 34. Nxe3
dxe3 35. Be2 c4 36. Kc3 cxd3 37. Bxd3 Bxd3 0-1

[Event " B7 Gruppe 1 "]
[Site "Koge"]
[Date "2004.??.??"]
[Round "5"]
[White "Bojsen, Bent"]
[Black "Mott, Jens"]
[Result "0-1"]
[WhiteElo "1644"]
[BlackElo "1861"]
[PlyCount "78"]
[EventDate "2004.04.08"]
[EventType "swiss"]
[EventRounds "7"]
[EventCountry "DEN"]

1. f4 d5 2. Nf3 g6 3. e3 Bg7 4. d4 Nf6 5. Bd3 c5 6. c3 c4 7. Bc2 O-O 8. O-O Ne4
9. Nfd2 f5 10. Qe2 Bd7 11. Nf3 Nc6 12. Ne5 Nxe5 13. dxe5 b5 14. Rd1 e6 15. Nd2
Nxd2 16. Bxd2 Rf7 17. Be1 Bf8 18. b3 Bc6 19. bxc4 bxc4 20. a4 a5 21. Rab1 Qe8
22. Ra1 Rb8 23. Rdb1 Rfb7 24. Qd1 Bc5 25. Bf2 Ba7 26. h3 Rb2 27. Rxb2 Rxb2 28.
Qc1 Qb8 29. g4 Qb7 30. Rb1 Rxb1 31. Bxb1 Bxa4 32. Kh2 fxg4 33. hxg4 Qb5 34. Kg3
Bc5 35. f5 Qb3 36. Qh1 Qxc3 37. Kf4 g5+ 38. Kxg5 Qxe5 39. Qh5 Be7+ 0-1

[Event " B7 Gruppe 1 "]
[Site "Koge"]
[Date "2004.??.??"]
[Round "5"]
[White "Haagen Larsen, Hans"]
[Black "Moller, Arne Vagn"]
[Result "1-0"]
[WhiteElo "1601"]
[BlackElo "1698"]
[PlyCount "143"]
[EventDate "2004.04.08"]
[EventType "swiss"]
[EventRounds "7"]
[EventCountry "DEN"]

1. d4 Nf6 2. Bf4 e6 3. e3 Be7 4. Nf3 O-O 5. h3 b6 6. Nbd2 Bb7 7. Be2 d6 8. c3
Nbd7 9. a4 Nd5 10. Bh2 f5 11. O-O a5 12. Qb3 Qe8 13. Rfc1 Qg6 14. Qa3 Qh6 15.
Nc4 N7f6 16. b4 g5 17. Nfd2 g4 18. hxg4 Nxg4 19. Bxg4 fxg4 20. Nf1 Nf6 21. Bf4
Qg6 22. Ng3 Nh5 23. Qb2 Bd5 24. Qe2 Nxf4 25. exf4 Rxf4 26. bxa5 bxa5 27. Rf1 h5
28. Ne3 Bb7 29. Qb5 Ba6 30. Qxh5 Qxh5 31. Nxh5 Re4 32. Rfe1 Rf8 33. Nf1 Rxe1
34. Rxe1 Bxf1 35. Kxf1 Bg5 36. Rxe6 Bd2 37. c4 Bc3 38. Re4 Kh7 39. Rxg4 Kh6 40.
Ng3 Re8 41. Ne2 Kh5 42. f3 Bb4 43. Kf2 Kh6 44. Rf4 c5 45. Rf6+ Kg7 46. Rxd6
cxd4 47. Rd7+ Kf6 48. Nxd4 Rc8 49. Nc2 Rxc4 50. Nxb4 Rxb4 51. g4 Rxa4 52. Kg3
Ra1 53. Ra7 a4 54. Kf4 a3 55. Ra6+ Ke7 56. Kg5 a2 57. f4 Kf7 58. f5 Ke7 59.
Ra7+ Kd6 60. Kf6 Rg1 61. Rxa2 Rxg4 62. Kf7 Ke5 63. Ra5+ Kd6 64. f6 Rg1 65. Rf5
Rg2 66. Rf3 Rd2 67. Ke8 Re2+ 68. Kf8 Ke6 69. f7 Rb2 70. Kg8 Rg2+ 71. Kh7 Rh2+
72. Kg6 1-0

[Event " B7 Gruppe 1 "]
[Site "Koge"]
[Date "2004.??.??"]
[Round "5"]
[White "Sandbech, Ted"]
[Black "Sonderby, Anders"]
[Result "1/2-1/2"]
[WhiteElo "1620"]
[BlackElo "1758"]
[PlyCount "50"]
[EventDate "2004.04.08"]
[EventType "swiss"]
[EventRounds "7"]
[EventCountry "DEN"]

1. Nf3 d5 2. d4 Nf6 3. c4 e6 4. Nc3 c6 5. cxd5 exd5 6. Bg5 Be7 7. e3 Bf5 8. Be2
Nbd7 9. O-O h6 10. Bh4 O-O 11. Rc1 Ne4 12. Bxe7 Qxe7 13. Nd2 Nd6 14. Bg4 Bd3
15. Re1 Nf6 16. Be2 Bg6 17. Nf3 Nfe4 18. Ne5 Rae8 19. Nxe4 Bxe4 20. Bd3 f6 21.
Bxe4 fxe5 22. Bf3 exd4 23. Qxd4 Qe5 24. Qxe5 Rxe5 25. h3 Rg5 1/2-1/2

[Event " B7 Gruppe 1 "]
[Site "Koge"]
[Date "2004.??.??"]
[Round "5"]
[White "Wiecker, Stefan"]
[Black "Pedersen, Jan 1"]
[Result "1/2-1/2"]
[WhiteElo "1560"]
[BlackElo "1701"]
[PlyCount "35"]
[EventDate "2004.04.08"]
[EventType "swiss"]
[EventRounds "7"]
[EventCountry "DEN"]

1. e4 Nf6 2. e5 Nd5 3. c4 Nb6 4. c5 Nd5 5. Nc3 e6 6. Bc4 Nxc3 7. bxc3 Bxc5 8.
d4 Bf8 9. Nf3 d5 10. Bd3 c5 11. O-O c4 12. Bc2 b5 13. Ng5 g6 14. Qf3 Qe7 15.
Qf6 Rg8 16. Nxh7 Nd7 17. Bg5 Nb6 18. Nxf8 1/2-1/2

[Event " B7 Gruppe 1 "]
[Site "Koge"]
[Date "2004.??.??"]
[Round "5"]
[White "Nielsen, Ib"]
[Black "Jessen, Ernst J"]
[Result "0-1"]
[WhiteElo "1550"]
[BlackElo "1566"]
[PlyCount "62"]
[EventDate "2004.04.08"]
[EventType "swiss"]
[EventRounds "7"]
[EventCountry "DEN"]

1. e4 Nf6 2. Nc3 e5 3. Bc4 Be7 4. Nf3 d6 5. d3 Bg4 6. h3 Bh5 7. g4 Bg6 8. Nh2
h5 9. g5 Nfd7 10. h4 Nc6 11. f4 exf4 12. Bxf4 Nce5 13. Bxe5 Nxe5 14. Bb3 Qd7
15. d4 Ng4 16. Qe2 O-O-O 17. O-O-O Kb8 18. Ba4 Qc8 19. Rhe1 f6 20. Nd5 Qe6 21.
Bb3 Qd7 22. Nxe7 Qxe7 23. Nxg4 hxg4 24. gxf6 Qxf6 25. Qxg4 Bh5 26. e5 dxe5 27.
dxe5 Qh6+ 28. Qg5 Rxd1+ 29. Rxd1 Bxd1 30. Kxd1 Qxg5 31. hxg5 Rh5 0-1